000 00682nam a2200241Ia 4500
008 130821s1973 sp gr spa
020 _a8423906531
040 _aCo-BoUCM
_bspa
041 _aspa
100 _aEuripides, 480-406 A. C.
245 _aOrestes-Medea Andrómaca
_cEuripides
250 _a5a. ed.
260 _aMadrid (España)
_bEspasa
_c1973
300 _a169 páginas
490 _aColección Austral, 653
504 _aIncluye índice
650 0 4 _aLiteratura griega
_976
650 0 4 _aTeatro griego
_925065
700 _aAndrómaca
700 _aMedea
942 _cLIBRO
_a18
_e5
_mE87
_2DEWEY
_h882.3
_n0
999 _c17749
_d17749